000 00432nam a22001937a 4500
003 MPLRDC
005 20220104143807.0
008 210129b ||||| |||| 00| 0 eng d
020 _a957-754-604-8
082 _a295 HBG
100 _a胡不归
245 _a水晶开运奇迹
_c
250 _a初版
260 _a
_b联经
_c1999
300 _b
490 _a生活品味. 4
650 _a巫术
942 _cBK
_o295 HBG
999 _c43396
_d43386